| 000 | 00462nam a2200145Ia 4500 | ||
|---|---|---|---|
| 008 | 140724s9999 xx 000 0 und d | ||
| 050 |
_aHG 181 _b.P123 2007 |
||
| 100 | _aPadilla, Marc G. | ||
| 245 |
_aCollege Division Café Sanctuario / _cMarc G. Padilla. |
||
| 260 |
_aLas Piñas, Philippines : _bSouthville International School and Colleges, _cc2007. |
||
| 300 |
_a64 p. : _bill. ; _c28 cm. |
||
| 521 | _aFinacial Management | ||
| 942 | _cTH | ||
| 999 |
_c228913 _d228913 |
||